000 00444nam a2200169 4500
003 SEACOMMC
005 20250416163421.0
008 240920b |||||||| |||| 00| 0 eng d
020 _a978-81-2242-024-1
_cRs.375.00
040 _aSEACOMMC
082 _a005.133
_bA365
100 _aAsthana, Ankit
245 1 _aC++ for Beginners... ,Masters
_cAnkit Asthana
260 _a New Delhi
_bNew Age
_c2007
650 _a Computer Science
942 _cBOOK
999 _c578
_d578